Tư tưởng Hồ Chí Minh về văn hóa báo chí /

में बचाया:
ग्रंथसूची विवरण
मुख्य लेखक: Nguyễn Duy Hạnh.
अन्य लेखक: Nguyễn Tùng Lâm.
स्वरूप: लेख
भाषा:Vietnamese
विषय:
टैग : टैग जोड़ें
कोई टैग नहीं, इस रिकॉर्ड को टैग करने वाले पहले व्यक्ति बनें!
Thư viện lưu trữ: Thư viện Trường Đại học Đà Lạt
LEADER 00823nam a2200265 4500
001 DLU180183839
005 ##20180307
040 # # |a DLU  |b vie 
041 # # |a vie 
044 # # |a vn 
100 # # |a Nguyễn Duy Hạnh. 
245 # # |a Tư tưởng Hồ Chí Minh về văn hóa báo chí /  |c Nguyễn Duy Hạnh, Nguyễn Tùng Lâm. 
653 # # |a Giá trị chân - thiện- mỹ 
653 # # |a Tư tưởng Hồ Chí Minh 
653 # # |a Văn hóa báo chí 
700 # # |a Nguyễn Tùng Lâm. 
773 # # |t Tạp chí Lý luận Chính trị  |g Số 6, 2014, tr. 32-36 
920 # # |a Phòng Tạp chí --Trung tâm Thông tin - Thư viện Trường Đại học Đà Lạt 
900 # # |a True 
911 # # |a Lê Thị Hồng 
925 # # |a G 
926 # # |a A 
927 # # |a BB 
980 # # |a Thư viện Trường Đại học Đà Lạt